Hospodárska kríza - dopad na ekonomiku Slovenska a vybrané makroekonomické ukazovatele

Ekonomická kríza na Slovensku. Prístupy k riešeniu ekonomickej krízy. Očakávaný vývoj. Stimulačné opatrenia štátu. Prognózy rastu HDP a deficitu verejných financií na rok 2009.

Salvato in:
Dettagli Bibliografici
Autore principale: Kufelová, Iveta, 1970-
Natura: Capitolo di libro
Lingua:slovacco
Soggetti:
Tags: Aggiungi Tag
Nessun Tag, puoi essere il primo ad aggiungerne!!

MARC

LEADER 00000nla$a2200000$$$4500
001 0109043
005 20240613072052.9
041 0 |a slo 
044 |a SK 
245 1 0 |a Hospodárska kríza - dopad na ekonomiku Slovenska a vybrané makroekonomické ukazovatele  |c Iveta Kufelová 
520 |a Ekonomická kríza na Slovensku. Prístupy k riešeniu ekonomickej krízy. Očakávaný vývoj. Stimulačné opatrenia štátu. Prognózy rastu HDP a deficitu verejných financií na rok 2009. 
610 2 0 |a kríza hospodárska 
610 2 0 |a kríza finančná 
610 2 0 |a štát 
610 2 0 |a rozpočty verejné 
610 2 0 |a banky centrálne 
610 2 0 |a dôchodky 
610 2 0 |a sila kúpna obyvateľstva 
610 2 0 |a ceny 
610 2 0 |a produkt domáci hrubý 
610 2 0 |a ukazovatele makroekonomické 
100 1 |a Kufelová, Iveta, 1970-